000 00377 a2200169 4500
001 191440
020 _a85-262-5141-4
040 _cMagnum
100 _aLeigh, Susannah
240 1 0 _aTio pedro, o pirata
_lpor
245 1 0 _aTio pedro, o pirata
300 _a32
362 0 _a2006
440 1 _aScipione
697 _aLITERATURA INFANTO-JUVENIL ESTRANGEIRA
942 _cBK
999 _c191440
_d191440